01316cac a2200337 i 4500003000900000005001700009008004100026020004300067020005000110020001800160020001800178040003800196043001200234050002500246082001600271100003200287245010300319264007700422300002900499336002600528337002600554338003600580440003700616504005100653650004800704650002500752650003200777700002000809856008900829856006000918EG-GICUC20260121101648.0931217s1994 enk frb 001 0 eng d a0198258380 (acidfree paper) :c£35.00 a0198258399 (pbk. : acidfree paper) :c£12.95 a9780198258384 a9780198258391 aDLCcDLCdDLCdEG-GICUCbengerda ae-gx---00aPN5124.C74bS35 199400a343.4252211 aSchlesinger, Philip,d1948-10aReporting crime :bthe media politics of criminal justice /cPhilip Schlesinger and Howard Tumber. aOxford :bClarendon Press ;aNew York :bOxford University Press,c1994. aviii, 287 page ;c23 cm. atextbtxt2rdacontent aComputerbn2rdamedia aOnline Resourcebnc2rdacarrier 0aClarendon studies in criminology aIncludes bibliographical references and index. 0aCrime and the presszGreat BritainxHistory 0aCrime in mass media. 0aMass mediaxSocial aspects.1 aTumber, Howard.423Publisher descriptionuhttp://www.loc.gov/catdir/enhancements/fy0638/93049445-d.html42uhttps://fll.law.cu.edu.eg/fulltext/bks/ENGB10-00153.pdf